Score 0/20 Timer 04:00
0 Plays Today
Question Answer Wrong Answers
Gone With the _____ (1939) Wind
97.2%
Summer
0.3%
Winter
0.5%
Thunder
0.3%
Jumanji: Welcome to the _____ (2017) Jungle
96.3%
Hell
0.6%
Desert
0.8%
Beach
0.6%
12 Years a _____ (2013) Slave
93.6%
King
2.8%
Lion
0.9%
Witch
0.9%
The _____ in the Stone (1963) Sword
92.4%
Sand
1.9%
Blood
3.2%
Moon
0.7%
The Fault in Our _____ (2014) Stars
91.1%
Sun
1.8%
Earth
4.1%
Moon
1.2%
A _____'s Journey (2019) Dog
89.2%
Cat
3.1%
Camel
2.8%
Donkey
3.1%
Gangs of _____ _____ (2002) New York
89%
San Francisco
5.1%
New Orleans
1.6%
Las Vegas
2.4%
There Will Be _____ (2007) Blood
87.8%
Music
6.2%
Dance
2.9%
Gun
1.4%
An American Werewolf in _____ (1981) London
87.5%
Tokyo
3.4%
Sydney
2.6%
Seattle
4.6%
This Is _____ Tap (1984) Spinal
87.4%
Gastrointestinal
1.1%
Mental
5.6%
Cardial
4%
Shaun of the _____ (2004) Dead
86%
Sheep
10.3%
Legion
1.4%
Frenchman
0.6%
A _____ Called Wanda (1988) Fish
85.5%
Bird
3.2%
Snake
2.5%
Horse
7%
There's Something About _____ (1998) Mary
85.1%
Maria
6%
Victoria
4%
Queen Clarisse
3.2%
The Time Traveler's _____ (2009) Wife
84.4%
Booth
8.6%
Car
3.1%
Dog
2.1%
The _____ Chainsaw Massacre (1974) Texas
82.7%
Tennessee
6.7%
Ohio
6.3%
Louisiana
2.5%
Team America: World _____ (2004) Police
73.7%
Firefighters
6.7%
Doctor
3.6%
Judge
13.9%
Who Framed _____ Rabbit (1988) Roger
71.8%
Timothy
10%
Pierce
5.8%
Sean
10.6%
To Kill a _____ (1962) Mockingbird
61.6%
Puffin
1%
Sparrow
12.6%
Kookaburra
23%
My Own Private _____ (1991) Idaho
59.1%
Virginia
12.8%
Louisiana
10.7%
Florida
15.4%
_____ from Iwo Jima (2006) Letters
59.1%
Goodbye
12.5%
Train
23.6%
Scene
2.8%
Remove Ads.
Support Sporcle.
Get the best of Sporcle when you Go Orange. This ad-free experience offers more features, more stats, and more fun while also helping to support Sporcle. Thank you for becoming a member.

You're not logged in!

Compare scores with friends on all Sporcle quizzes.
OR
Log In

Show Comments

Extras

Top Quizzes Today


Score Distribution

Your Account Isn't Verified!

In order to create a playlist on Sporcle, you need to verify the email address you used during registration. Go to your Sporcle Settings to finish the process.

Report this User

Report this user for behavior that violates our Community Guidelines.

Details: